Statistics for Big Time Rush Characters Quiz

Click here to take the quiz!

General Stats

  • This quiz has been taken 9 times
  • The average score is 8 of 24

Answer Stats

Season where the character has its first appearanceAnswer% Correct
FirstKendall Knight
89%
FirstJames Diamond
67%
FirstCarlos Garcia
56%
FirstJennifer
56%
FirstJennifer
56%
FirstJennifer
56%
FirstKatie Knight
56%
FirstGustavo Rocque
44%
FirstJennifer Knight
44%
FirstJo Taylor
44%
FirstLogan Mitchell
44%
FirstArthur Griffin
33%
FirstCamille Roberts
33%
FirstKelly Wainwright
33%
SecondLucy Stone
33%
FirstMercedes Griffin
33%
FirstReginald Bitters
33%
FirstGeorge Hawk
11%
FirstObdul
11%
FirstBuddah Bob
0%
FirstDoctor Hollywood
0%
SecondJett Stetson
0%
FirstMarcos Del Posey
0%
FirstMrs Collins
0%

Score Distribution

Percentile by Number Answered

Percent of People with Each Score

Your Score History

You have not taken this quiz